| 000 | 00602nam a2200193Ia 4500 | ||
|---|---|---|---|
| 003 | GCL | ||
| 008 | 140319s9999 xx 000 0 eng d | ||
| 040 |
_aGCL / _cGCL |
||
| 082 | 0 | 4 |
_a658.406 _bF M |
| 100 | 1 | _aFLOOD, PATRICK C | |
| 245 | 1 | 0 |
_aMANAGING WITHOUT TRADITIONAL METHODS: INTERNATIONAL INNOVATIONS IN HUMAN RESOURCE MANAGEMENT / _cFLOOD, PATRICK C |
| 700 | 1 | _aGANNON, MARTIN J | |
| 260 |
_a[S.N] : _bADDISON - WESLEY PUBLISHING COMPANY ، _c1996 |
||
| 300 | _a345 P | ||
| 650 | 0 | 4 | _aMANAGEMENT |
| 650 | 0 | 4 | _aMANAGEMENT - INFORMATION SYSTEM |
| 650 | 0 | 4 | _aMANAGING CHANGE |
| 942 |
_2ddc _cBK |
||
| 999 |
_c13864 _d13864 |
||